000 00619cab a2200217 4500
001 X3618
008 090401t1996 xxu||||| |||| 00| 0 eng d
035 _a(Sirsi) u31556
041 _aeng
245 _aMining blight affects house prices
260 _c1996
350 _a0
490 _aCSM (Chartered Surveyor Monthly)
_v5(9) June 1996, 5(1)
520 _aChanges to rules on reporting mine entries near properties are hitting house prices by upto 50% says the RICS.
650 _aHOUSE PRICES
650 _aMINE ENTRIES
650 _aMINESHAFTS
690 _aHOUSING
942 _n0
948 _c04/03/1997
999 _c21185
_d21185